Tự học thiết kế trên Autocad R.12 trong xây dựng
v..v
Đã lưu trong:
| Tác giả chính: | |
|---|---|
| Định dạng: | Sách |
| Năm xuất bản: |
H.
Xây dựng
1996
|
| Chủ đề: | |
| Tags: |
Thêm thẻ
Không có thẻ, Hãy là người đầu tiên gắn thẻ bản ghi này!
|
| LEADER | 01080nam a2200205 4500 | ||
|---|---|---|---|
| 082 | |a 692.10285 |b NG527B | ||
| 100 | |a Nguyễn Bích Hiệp | ||
| 245 | |a Tự học thiết kế trên Autocad R.12 trong xây dựng |c Nguyễn Bích Hiệp | ||
| 260 | |a H. |b Xây dựng |c 1996 | ||
| 300 | |a 184 tr |c 23 cm | ||
| 520 | |a v..v | ||
| 653 | |a Kỹ thuật | ||
| 653 | |a Vẽ kỹ thuật | ||
| 653 | |a Xây dựng | ||
| 942 | |2 ddc |c STK0 | ||
| 999 | |c 7462 |d 7462 | ||
| 952 | |0 0 |1 0 |2 ddc |4 0 |6 692_102850000000000_NG527B |7 0 |8 600 |9 67802 |a qbu |b qbu |c D3 |d 2015-02-10 |g 28000 |o 692.10285 NG527B |p 7151.c1 |r 0000-00-00 |w 2015-02-10 |y STK0 | ||
| 952 | |0 0 |1 0 |2 ddc |4 0 |6 692_102850000000000_NG527B |7 0 |8 600 |9 67803 |a qbu |b qbu |c D3 |d 2015-02-10 |g 28000 |o 692.10285 NG527B |p 7151.c2 |r 0000-00-00 |w 2015-02-10 |y STK0 | ||
| 952 | |0 0 |1 0 |2 ddc |4 0 |6 692_102850000000000_NG527B |7 0 |8 600 |9 67804 |a qbu |b qbu |c D3 |d 2015-02-10 |g 28000 |o 692.10285 NG527B |p 7151.c3 |r 0000-00-00 |w 2015-02-10 |y STK0 | ||
| 952 | |0 0 |1 0 |2 ddc |4 0 |6 692_102850000000000_NG527B |7 0 |8 600 |9 67805 |a qbu |b qbu |c D3 |d 2015-02-10 |g 28000 |o 692.10285 NG527B |p 7151.c4 |r 0000-00-00 |w 2015-02-10 |y STK0 | ||